[Event "6th Masters"]
[Site "Belfort FRA"]
[Date "2003.12.15"]
[Round "1"]
[White "Fressinet,L"]
[Black "Hamdouchi,H"]
[Result "1/2-1/2"]
[WhiteElo "2654"]
[BlackElo "2588"]
[EventDate "2003.12.15"]

1. e4 e5 2. Nf3 Nc6 3. Bb5 a6 4. Ba4 Nf6 5. O-O Be7 6. Re1 b5 7. Bb3 O-O 8.
c3 d5 9. exd5 Nxd5 10. Nxe5 Nxe5 11. Rxe5 c6 12. Re1 Bd6 13. d3 Bf5 14. Qf3
Qd7 15. Bxd5 cxd5 16. Bf4 Rfe8 17. Nd2 Bxf4 18. Qxf4 Bxd3 19. Nb3 Qc6 20.
Qd2 Bg6 21. Nd4 Qd6 22. h3 h6 23. Re2 Re4 24. Rae1 Rae8 25. a3 Qb6 26. f3
Rxe2 27. Rxe2 Rxe2 28. Qxe2 Qd6 29. Qe8+ Kh7 30. Qe3 Qc5 31. Kf2 Qc4 32.
Qd2 Qc5 33. g4 Qd6 34. Kg2 Kg8 35. Qe3 Kf8 36. Ne2 Bb1 37. Qd4 g5 38. c4
bxc4 39. Nc3 Bd3 40. Nxd5 Ke8 41. Nf6+ Ke7 42. Ng8+ Kd7 43. Qa7+ Kd8 44.
Qxf7 Bf1+ 45. Kxf1 1/2-1/2

[Event "6th Masters"]
[Site "Belfort FRA"]
[Date "2003.12.16"]
[Round "2"]
[White "Tregubov,P"]
[Black "Fressinet,L"]
[Result "0-1"]
[WhiteElo "2635"]
[BlackElo "2654"]
[EventDate "2003.12.15"]

1. d4 d5 2. c4 c6 3. Nf3 Nf6 4. e3 a6 5. Bd3 Bg4 6. Nbd2 e6 7. O-O Nbd7 8.
b3 Bd6 9. Bb2 Bf5 10. Qc2 Bxd3 11. Qxd3 O-O 12. c5 Bc7 13. b4 Qe7 14. Rae1
Rad8 15. Qc3 Rfe8 16. Ne5 Nxe5 17. dxe5 Nd7 18. f4 a5 19. a3 axb4 20. axb4
b6 21. Nb3 bxc5 22. bxc5 Ra8 23. Ra1 f6 24. Nd4 fxe5 25. Nxc6 Qxc5 26. Qxc5
Nxc5 27. fxe5 Nb3 28. Rxa8 Rxa8 29. Bd4 Nxd4 30. exd4 h6 31. Rb1 Ra6 32.
Nb8 Ra4 33. Rb7 Bxb8 34. Rxb8+ Kf7 35. Rb7+ Kg6 36. Re7 Rxd4 37. Rxe6+ Kf5
38. Re7 g6 39. e6 Re4 40. Rh7 h5 41. e7 Kf6 42. Kf2 Rxe7 43. Rh8 Re5 44.
Rd8 Ke7 45. Rg8 Re6 46. Ra8 Kd6 47. Ra6+ Ke5 48. Ra4 Kf5 49. Rd4 Re5 50.
Kf3 g5 51. h3 Ke6 52. Ra4 Kd6 53. g3 Kc5 54. Ra8 Kc4 55. Rc8+ Kd3 56. Rh8
Rf5+ 57. Kg2 d4 58. Rxh5 Ke2 59. g4 Re5 60. h4 d3 61. hxg5 d2 62. Rh1 Rxg5
63. Kg3 Ke3 0-1

[Event "6th Masters"]
[Site "Belfort FRA"]
[Date "2003.12.16"]
[Round "2"]
[White "Hamdouchi,H"]
[Black "Bauer,Ch"]
[Result "1/2-1/2"]
[WhiteElo "2588"]
[BlackElo "2602"]
[EventDate "2003.12.15"]

1. e4 e5 2. Nf3 Nc6 3. Bb5 a6 4. Ba4 Nf6 5. O-O Be7 6. Re1 b5 7. Bb3 d6 8.
c3 O-O 9. h3 Na5 10. Bc2 c5 11. d3 Nc6 12. Nbd2 Re8 13. Nf1 Bf8 14. a4 b4
15. Bg5 Rb8 16. Bb3 Na5 17. Bd5 Be7 18. Bxf6 Bxf6 19. Ne3 Rf8 20. Nd2 g6
21. Ndc4 Kh8 22. Nxa5 Qxa5 23. Nc4 Qd8 24. a5 Bh4 25. Nb6 f5 26. Re2 Qg5
27. Nxc8 Rbxc8 28. Qd2 Qxd2 29. Rxd2 Rc7 30. Bc4 Rc6 31. Rc2 Rb8 32. g3 Bg5
33. Kg2 Kg7 34. Ra4 bxc3 35. bxc3 Rb1 36. Raa2 Bd8 37. Bd5 Rc7 38. Rcb2
Rxb2 39. Rxb2 Ra7 40. Ra2 Kf6 41. Kf3 Rc7 42. Ke2 Rc8 43. Bc4 Rb8 44. Ke3
h6 45. f4 Bc7 46. Kf3 Rb7 47. fxe5+ dxe5 48. exf5 gxf5 49. g4 Ra7 50. Ke3
Bd8 51. Ra1 Ra8 52. gxf5 Kxf5 53. Rf1+ Kg6 54. Rg1+ Kf5 55. Rf1+ Kg6 56.
Bf7+ Kg7 57. Bd5 Ra7 58. Ra1 Rd7 59. Ke4 Kf6 60. Bc4 Rd6 1/2-1/2

[Event "6th Masters"]
[Site "Belfort FRA"]
[Date "2003.12.17"]
[Round "3"]
[White "Fressinet,L"]
[Black "Gurevich,M"]
[Result "1/2-1/2"]
[WhiteElo "2654"]
[BlackElo "2656"]
[EventDate "2003.12.15"]

1. d4 e6 2. e4 d5 3. Nc3 Nf6 4. Bg5 dxe4 5. Nxe4 Be7 6. Bxf6 Bxf6 7. Nf3
Nd7 8. Qd2 O-O 9. O-O-O b6 10. Bd3 Bb7 11. Qe2 Qe7 12. h4 c5 13. Neg5 g6
14. Be4 Bxe4 15. Nxe4 Bg7 16. h5 cxd4 17. hxg6 hxg6 18. Nxd4 1/2-1/2

[Event "6th Masters"]
[Site "Belfort FRA"]
[Date "2003.12.17"]
[Round "3"]
[White "Bauer,Ch"]
[Black "Tregubov,P"]
[Result "1/2-1/2"]
[WhiteElo "2602"]
[BlackElo "2635"]
[EventDate "2003.12.15"]

1. e4 c5 2. Nf3 Nc6 3. d4 cxd4 4. Nxd4 Nf6 5. Nc3 e5 6. Ndb5 d6 7. Bg5 a6
8. Na3 b5 9. Nd5 Be7 10. Nxe7 Nxe7 11. Bxf6 gxf6 12. c4 Qa5+ 13. Qd2 Qxd2+
14. Kxd2 b4 15. Nc2 Rb8 16. Bd3 f5 17. f3 Rg8 18. g3 fxe4 19. fxe4 Bh3 20.
a3 b3 21. Ne3 Kd7 22. c5 dxc5 23. Rac1 Rgc8 24. Bxa6 Rc6 25. Bd3 Nc8 26.
Nc4 f6 27. Na5 Rc7 28. Rc3 Be6 29. Rhc1 Kd6 30. Bc4 Bxc4 31. Nxc4+ Ke6 32.
Rd3 Rd7 33. Rxd7 Kxd7 34. Rc3 Na7 35. Rd3+ Ke7 36. Ne3 Nc6 37. Rd5 Nd4 38.
Rxc5 Kd6 39. Rd5+ Ke6 40. Kd3 Rc8 41. Nc4 h5 42. Rd6+ Ke7 43. Rb6 h4 44.
gxh4 Rh8 45. Nd2 Rxh4 46. Nxb3 Ne6 47. a4 Rxh2 48. Kc3 Rh3+ 49. Kc2 Rh2+
50. Kb1 Ng5 51. a5 Nxe4 52. a6 Rh8 53. Na5 Ra8 54. b4 Nd6 55. Kc2 Kd7 56.
Nb7 Ne4 57. b5 Rc8+ 58. Kd3 f5 59. Rh6 Rc3+ 60. Ke2 Ra3 61. a7 Nc3+ 62. Kd3
Nxb5+ 63. Kc4 Nxa7 64. Nc5+ Ke7 65. Re6+ Kf7 66. Rxe5 Kf6 67. Re8 Ra1 68.
Rf8+ 1/2-1/2

[Event "6th Masters"]
[Site "Belfort FRA"]
[Date "2003.12.18"]
[Round "4"]
[White "Tregubov,P"]
[Black "Le Roux,JP"]
[Result "1-0"]
[WhiteElo "2635"]
[BlackElo "2480"]
[EventDate "2003.12.15"]

1. d4 Nf6 2. Nf3 g6 3. c4 Bg7 4. g3 O-O 5. Bg2 d6 6. O-O Nbd7 7. Nc3 e5 8.
e4 exd4 9. Nxd4 Re8 10. h3 Nc5 11. Re1 a5 12. Rb1 Nfd7 13. Be3 Ne5 14. b3
Bd7 15. Re2 h5 16. Rd2 h4 17. g4 a4 18. f4 Nc6 19. Ndb5 Ne6 20. e5 axb3 21.
axb3 Na5 22. Ne4 Nf8 23. Bf2 dxe5 24. f5 Qc8 25. fxg6 fxg6 26. Bxh4 Bc6 27.
Qf1 Ne6 28. b4 Rf8 29. Rf2 Rxf2 30. Bxf2 Bxe4 31. Bxe4 Nc6 32. Bxg6 Qf8 33.
Bf5 Ncd8 34. Bg3 c6 35. Nc3 Nf4 36. Ne4 Ra3 37. Rd1 Nde6 38. Bxe6+ Nxe6 39.
Qxf8+ Kxf8 40. b5 Re3 41. Re1 Rb3 42. bxc6 bxc6 43. h4 Nd4 44. Kg2 Rb2+ 45.
Kh3 Rc2 46. c5 Ne6 47. g5 Nxc5 48. Kg4 Ne6 49. h5 Ra2 50. h6 Bh8 1-0

[Event "6th Masters"]
[Site "Belfort FRA"]
[Date "2003.12.19"]
[Round "5"]
[White "Hamdouchi,H"]
[Black "Tregubov,P"]
[Result "1/2-1/2"]
[WhiteElo "2588"]
[BlackElo "2635"]
[EventDate "2003.12.15"]

1. e4 c5 2. Nf3 Nc6 3. d4 cxd4 4. Nxd4 Nf6 5. Nc3 e5 6. Ndb5 d6 7. Bg5 a6
8. Na3 b5 9. Bxf6 gxf6 10. Nd5 f5 11. c3 Bg7 12. exf5 Bxf5 13. Nc2 O-O 14.
Nce3 Be6 15. Bd3 f5 16. O-O Rb8 17. Bc2 Qd7 18. f4 e4 19. Kh1 Kh8 20. Qd2
a5 21. Rad1 Qf7 22. a3 b4 23. Ba4 Nd4 24. Nxb4 axb4 25. cxd4 bxa3 26. bxa3
Bb3 27. Bxb3 Rxb3 28. Rfe1 Qa7 29. Qc2 Rxa3 30. Qc6 Qa4 31. d5 Qa7 32. Nf1
Ra6 33. Qc4 Ra4 34. Qc6 Ra6 35. Qc4 Ra2 36. Ne3 Ra3 37. Qe2 Qc5 38. Rc1 Rc3
39. Rxc3 Qxc3 40. Rd1 Qc5 1/2-1/2

[Event "6th Masters"]
[Site "Belfort FRA"]
[Date "2003.12.19"]
[Round "5"]
[White "Le Roux,JP"]
[Black "Fressinet,L"]
[Result "1/2-1/2"]
[WhiteElo "2480"]
[BlackElo "2654"]
[EventDate "2003.12.15"]

1. e4 e5 2. Nf3 Nc6 3. Bb5 a6 4. Ba4 Nf6 5. O-O Be7 6. Re1 b5 7. Bb3 d6 8.
c3 O-O 9. h3 Nb8 10. d4 Nbd7 11. Nbd2 Bb7 12. Bc2 Re8 13. a4 Bf8 14. Bd3 c6
15. b4 Nb6 16. axb5 axb5 17. Rxa8 Bxa8 18. Nb3 Qc7 19. Bg5 Nbd7 20. Qb1 h6
21. Bh4 Nh5 22. Qa2 Bb7 23. Na5 Bc8 24. c4 Nf4 25. Bf1 Qb6 26. Bg3 Nh5 27.
Bh2 exd4 28. cxb5 cxb5 29. Qd5 Nhf6 30. Qxd4 d5 31. Qxb6 Nxb6 32. e5 Bxb4
33. Rb1 Bxa5 34. exf6 Ba6 35. Bxb5 Bxb5 36. Rxb5 Ra8 37. Be5 Nd7 38. fxg7
Nxe5 39. Nxe5 Bc7 40. f4 Bxe5 41. fxe5 Rd8 42. Kf2 d4 43. Ke2 d3+ 44. Kd2
Kxg7 45. Rb3 1/2-1/2

[Event "6th Masters"]
[Site "Belfort FRA"]
[Date "2003.12.20"]
[Round "6"]
[White "Fressinet,L"]
[Black "Le Roux,JP"]
[Result "1-0"]
[WhiteElo "2654"]
[BlackElo "2480"]
[EventDate "2003.12.15"]

1. e4 e5 2. Nf3 Nc6 3. Bb5 a6 4. Ba4 d6 5. c3 Bd7 6. d4 g6 7. O-O Bg7 8. d5
Nce7 9. Bxd7+ Qxd7 10. c4 h6 11. Nc3 f5 12. Ne1 Nf6 13. f3 O-O 14. Nd3 c5
15. Qe2 b5 16. b3 g5 17. a3 Nh5 18. Be3 Rab8 19. cxb5 axb5 20. b4 c4 21.
Nf2 Nf4 22. Qc2 Neg6 23. g3 Nd3 24. exf5 Qxf5 25. Nfe4 g4 26. fxg4 Qxg4 27.
Qe2 Qxe2 28. Nxe2 Ne7 29. Rxf8+ Rxf8 30. N2c3 Nf5 31. Bb6 Nd4 32. Rf1 Ra8
33. Nxd6 Rxa3 34. Ncxb5 Ra6 35. Bxd4 exd4 36. Nxc4 Nxb4 37. d6 d3 38. d7
Ra8 39. Re1 Rf8 40. Re8 Nc6 41. Nc7 Nd8 42. Nd5 Kf7 43. Re7+ Kg6 44. Nf4+
Kf6 45. Re8 1-0

[Event "6th Masters"]
[Site "Belfort FRA"]
[Date "2003.12.21"]
[Round "7"]
[White "Hamdouchi,H"]
[Black "Gurevich,M"]
[Result "0-1"]
[WhiteElo "2588"]
[BlackElo "2656"]
[EventDate "2003.12.15"]

1. e4 e6 2. d4 d5 3. Nc3 Nf6 4. e5 Nfd7 5. Nce2 c5 6. f4 Nc6 7. c3 Qa5 8.
Nf3 b5 9. Bd2 Qb6 10. f5 Be7 11. Nf4 O-O 12. Bd3 cxd4 13. cxd4 Nxd4 14. f6
Nxf6 15. exf6 Bxf6 16. Nxd4 Bxd4 17. Qe2 Bb7 18. Bc3 Bxc3+ 19. bxc3 e5 20.
Nh5 g6 21. Ng3 Rac8 22. Qd2 b4 23. cxb4 e4 24. Be2 d4 25. Bg4 e3 26. Qb2
Rc4 27. O-O Rxb4 28. Qa3 d3 29. Kh1 Rxg4 30. Qxd3 Ba6 31. Qd7 Rc4 0-1

[Event "6th Masters"]
[Site "Belfort FRA"]
[Date "2003.12.22"]
[Round "8"]
[White "Tregubov,P"]
[Black "Bauer,Ch"]
[Result "1/2-1/2"]
[WhiteElo "2635"]
[BlackElo "2602"]
[EventDate "2003.12.15"]

1. d4 Nf6 2. c4 e6 3. Nf3 b6 4. g3 Bb7 5. Bg2 Be7 6. Nc3 Ne4 7. Bd2 f5 8.
d5 Na6 9. Nd4 Bf6 10. e3 O-O 11. O-O Nac5 12. Qc2 a5 13. Nxe4 fxe4 14. dxe6
dxe6 15. Bc3 Qe8 16. Rad1 Qg6 17. b4 axb4 18. Bxb4 Be7 19. Nb5 Rf5 20. Nc3
Re5 21. Rd2 Bc6 22. Rfd1 Bd6 23. Bxc5 Bxc5 24. Rd8+ Rxd8 25. Rxd8+ Kf7 26.
Nb5 Bxb5 27. cxb5 Ke7 28. Rd1 Qf5 29. Rc1 Bd6 30. a4 Rc5 31. Qb1 Rxc1+ 32.
Qxc1 Qd5 33. Qc2 Qd3 34. Bxe4 Qxc2 35. Bxc2 h6 36. Kg2 Kf6 37. Kf3 Bb4 38.
Ke4 Be1 39. f4 g5 40. g4 Bd2 41. h3 Bc1 42. Bb3 Bd2 43. Bc4 Bc1 44. f5
exf5+ 45. gxf5 Bd2 46. Be2 Bc1 47. Bg4 Bd2 48. Kd4 Bc1 49. e4 Bf4 50. Kd5
Bg3 51. Kc6 Ke5 1/2-1/2

[Event "6th Masters"]
[Site "Belfort FRA"]
[Date "2003.12.22"]
[Round "8"]
[White "Hamdouchi,H"]
[Black "Le Roux,JP"]
[Result "1/2-1/2"]
[WhiteElo "2588"]
[BlackElo "2480"]
[EventDate "2003.12.15"]

1. e4 e5 2. Nf3 Nf6 3. Nxe5 d6 4. Nf3 Nxe4 5. d4 d5 6. Bd3 Bd6 7. O-O O-O
8. c4 c6 9. Nc3 Nxc3 10. bxc3 dxc4 11. Bxc4 Bg4 12. Qd3 Nd7 13. Ng5 Nf6 14.
h3 Bh5 15. f4 h6 16. g4 b5 17. Bb3 hxg5 18. fxg5 Nxg4 19. hxg4 Qd7 20. Qf5
Bxg4 21. Qxd7 Bxd7 22. Rxf7 Rxf7 23. g6 Be8 24. Bg5 a5 25. Kg2 a4 26. Be6
Kf8 27. Rh1 Rf6 28. Bxf6 gxf6 29. Bf5 Kg8 30. Rh7 Bxg6 31. Bxg6 Bf4 32. Rb7
Bd2 33. Be4 Rc8 34. Rb6 Bxc3 35. Rxc6 Rxc6 36. Bxc6 1/2-1/2

[Event "6th Masters"]
[Site "Belfort FRA"]
[Date "2003.12.23"]
[Round "9"]
[White "Fressinet,L"]
[Black "Tregubov,P"]
[Result "1/2-1/2"]
[WhiteElo "2654"]
[BlackElo "2635"]
[EventDate "2003.12.15"]

1. e4 c5 2. Nf3 Nc6 3. d4 cxd4 4. Nxd4 Nf6 5. Nc3 e5 6. Ndb5 d6 7. Nd5 Nxd5
8. exd5 Nb8 9. c4 Be7 10. Bd3 a6 11. Nc3 f5 12. O-O O-O 13. f3 Nd7 14. Kh1
Kh8 15. Be3 Bg5 16. Qd2 Bxe3 17. Qxe3 Nf6 18. b4 Bd7 19. a3 Rc8 20. Rac1
Nh5 21. Ne2 Nf6 22. Nc3 Nh5 23. Ne2 Nf6 1/2-1/2

[Event "6th Masters"]
[Site "Belfort FRA"]
[Date "2003.12.24"]
[Round "10"]
[White "Le Roux,JP"]
[Black "Bauer,Ch"]
[Result "1/2-1/2"]
[WhiteElo "2480"]
[BlackElo "2602"]
[EventDate "2003.12.15"]

1. e4 d5 2. exd5 Qxd5 3. Nc3 Qa5 4. d4 c6 5. Nf3 Bf5 6. Ne5 Nf6 7. Bd3 Bxd3
8. Qxd3 Nbd7 9. Nc4 Qc7 10. Bd2 e6 11. O-O-O Be7 12. Kb1 O-O 13. Qg3
1/2-1/2